000 00540nam a2200181 i 4500
001 77520
003 ES-MaACL
005 20230908063156.0
007 t|
008 041020q1914 mx ||||1| spa d
100 1 _aAmado, Enrique,
_dm. 1918
_921076
245 1 3 _aLa revolución mexicana de 1913 /
_cEnrique Amado.
260 _aValencia :
_bPrometeo,
_c[1914?]
300 _a32 p. ;
_c19 cm.
651 _aMéxico-
_xHistoria-
_y1910-1917, Revolución armada.
_9151495
852 _aES-MaACL
_j1481-F-4
999 _c77520
_d77520